000 00907cam a2200217 4500
001 WB@3612-443
008 040720n2004 000 0 eng u
035 _a(Sirsi) u126840
245 _aNew house price inflation index
260 _c2004
490 _aConstruction News
_v15 July 2004, 6 (1)
520 _aThe House Builders Federation (HBF) intends to produce its own house price inflation index. Its members believe that other indexes produced by mortgage lenders are inaccurate and that the percentage rises on house prices on the majority of indexes are inflated. The HBF is also concerned about the Bank of England raising interest rates on the basis of those indexes.
590 _aWB
590 _aWB
650 _aHOUSE PRICE INDEX
650 _aHOUSE PRICE INFLATION
650 _aHOUSE PRICE STATISTICS
650 _aHOUSE PRICES
690 _aHOUSING-HOUSE PRICES
942 _n0
999 _c117726
_d117726